Movies Quiz

Random Movies or Disney Quiz

'Inside Out' Emotions Quiz Stats

 Plays Quiz Updated Jun 18, 2015

Score 0/5 Timer 01:30
0 Plays Today
% Correct
Anger
97.2%
Joy
93.1%
Sadness
92.2%
Fear
83.4%
Disgust
72.2%

You're not logged in!

Compare scores with friends on all Sporcle quizzes.
OR
Log In

Sporcle TV

Today on Sporcle TV


Watch our educational content, quiz creation guides, and fun videos on Sporcle TV.

Show Comments

Extras

Top Quizzes Today


Score Distribution

Your Account Isn't Verified!

In order to create a playlist on Sporcle, you need to verify the email address you used during registration. Go to your Sporcle Settings to finish the process.

Report this User

Report this user for behavior that violates our Community Guidelines.

Details: